| 000 | 00396nam a22001457a 4500 | ||
|---|---|---|---|
| 003 | OSt | ||
| 005 | 20251103091048.0 | ||
| 008 | 251103b |||||||| |||| 00| 0 eng d | ||
| 020 | _a978160152182 | ||
| 040 | _cREFERENCE POINT PRESS | ||
| 050 | _aBF 1791 .K35 2012 | ||
| 245 |
_aPROPHESIES AND SOOTHSAYERS _cKALLEN, STUART A. |
||
| 260 |
_aSAN DIEGO _bREFERENCE POINT PRESS _c2012 |
||
| 942 |
_2ddc _cBK _n0 |
||
| 999 |
_c9754 _d9754 |
||